NBA Finals Players Game Leaders in Scoring - Statistics

General Stats
  • This quiz has been taken 224 times
    44 since last reset
  • The average score is 74 of 125
Answer Stats
# Player Team Last % Correct
12 Hakeem Olajuwon Rockets 1995
100%
25 Jerry West Lakers 1973
100%
18 Kareem Abdul-Jabbar Bucks, Lakers 1988
100%
6 Kevin Durant Thunder, Warriors 2018
100%
17 Kobe Bryant Lakers 2010
100%
27 Michael Jordan Bulls 1998
100%
10 Shaquille O'Neal Lakers 2004
100%
11 Stephen Curry Warriors 2022
100%
7 Wilt Chamberlain Warriors, Lakers 1972
100%
6 Dwyane Wade Heat 2011
97%
5 Isiah Thomas Pistons 1990
97%
7 Julius Erving 76ers 1982
97%
4 Kyrie Irving Cavaliers, Mavericks 2024
97%
25 LeBron James Cavaliers, Heat, Lakers 2020
97%
5 Shai Gilgeous-Alexander Thunder 2025
97%
7 Tim Duncan Spurs 2005
97%
3 Karl Malone Jazz 1998
95%
6 Larry Bird Celtics 1986
95%
5 Magic Johnson Lakers 1987
95%
5 Moses Malone Rockets, 76ers 1983
95%
5 Tony Parker Spurs 2014
95%
12 Bob Pettit Hawks 1961
92%
4 Dirk Nowitzki Mavericks 2011
92%
3 Kawhi Leonard Spurs, Raptors 2019
92%
1 Klay Thompson Warriors 2019
92%
2 Ray Allen Celtics 2010
92%
4 Allen Iverson 76ers 2001
90%
1 Arnie Johnson Royals 1951
90%
1 Bob Cousy Celtics 1957
90%
1 Danny Green Spurs 2014
90%
2 Dennis Johnson SuperSonics, Celtics 1987
90%
2 Draymond Green Warriors 2016
90%
2 Jayson Tatum Celtics 2024
90%
2 Kevin Garnett Celtics 2008
90%
3 Luka Dončić Mavericks 2024
90%
3 Nikola Jokić Nuggets 2023
90%
2 Paul Pierce Celtics 2008
90%
2 Chauncey Billups Pistons 2005
87%
2 Devin Booker Suns 2021
87%
3 Giannis Antetokounmpo Bucks 2021
87%
3 Jason Kidd Nets 2003
87%
1 Russell Westbrook Thunder 2012
87%
3 Clyde Drexler Trail Blazers 1992
85%
2 Fred Brown SuperSonics 1978
85%
1 Jaylen Brown Celtics 2022
85%
4 Gus Williams SuperSonics 1979
82%
1 Jalen Williams Thunder 2025
82%
5 James Worthy Lakers 1989
82%
3 Manu Ginóbili Spurs 2007
82%
3 Shawn Kemp SuperSonics 1996
82%
1 Anthony Davis Lakers 2020
79%
1 Chris Paul Suns 2021
79%
1 Jamal Murray Nuggets 2023
79%
1 Jimmy Butler Heat 2020
79%
3 Richard Hamilton Pistons 2005
79%
1 Bill Russell Celtics 1961
77%
6 John Havlicek Celtics 1974
77%
7 Kevin McHale Celtics 1986
77%
1 Oscar Robertson Bucks 1971
77%
8 Rick Barry Warriors 1975
77%
12 Elgin Baylor Lakers 1969
74%
17 George Mikan Lakers 1954
74%
5 Sam Jones Celtics 1966
74%
3 Willis Reed Knicks 1973
72%
1 Charles Barkley Suns 1993
69%
4 Elvin Hayes Bullets 1979
69%
3 Joe Dumars Pistons 1990
69%
1 Reggie Miller Pacers 2000
69%
2 Jason Terry Mavericks 2011
67%
1 Scottie Pippen Bulls 1991
67%
1 Aaron Gordon Nuggets 2023
64%
2 Walt Frazier Knicks 1972
64%
2 Dave Cowens Celtics 1974
59%
1 Jo Jo White Celtics 1976
54%
1 Rashard Lewis Magic 2009
54%
3 Paul Arizin Warriors 1956
49%
2 Dolph Schayes Nationals 1955
44%
2 Bill Sharman Celtics 1959
41%
1 Cedric Maxwell Celtics 1981
41%
1 Detlef Schrempf SuperSonics 1996
41%
1 Hal Greer 76ers 1968
41%
2 Latrell Sprewell Knicks 1999
41%
3 Gail Goodrich Lakers 1973
38%
1 Mario Chalmers Heat 2014
38%
4 Tom Heinsohn Celtics 1963
38%
2 Adrian Dantley Pistons 1988
36%
1 Allan Houston Knicks 1999
36%
1 Dave DeBusschere Knicks 1973
36%
1 Kenyon Martin Nets 2002
36%
1 Slater Martin Lakers 1952
36%
1 Byron Scott Lakers 1987
33%
1 Charlie Scott Celtics 1976
33%
1 Ralph Sampson Rockets 1986
33%
1 Bennedict Mathurin Pacers 2025
28%
2 Vern Mikkelsen Lakers 1954
26%
2 Bob Dandridge Bucks, Bullets 1978
21%
7 Cliff Hagan Hawks 1961
21%
1 Derek Harper Knicks 1994
21%
2 Alvan Adams Suns 1976
18%
2 Frank Ramsey Celtics 1960
18%
4 George Yardley Pistons 1956
18%
1 Timofey Mozgov Cavaliers 2015
18%
3 Andrew Toney 76ers 1982
15%
1 Bill Bradley Knicks 1972
15%
2 Paul Westphal Suns 1976
15%
2 Jim Pollard Lakers 1954
13%
1 Carl Braun Knicks 1953
10%
1 Clyde Lovellette Lakers 1954
10%
1 Max Zaslofsky Knicks 1951
10%
4 Arnie Risen Royals 1951
8%
1 Lindsey Hunter Pistons 2005
8%
1 Lionel Hollins Trail Blazers 1977
8%
1 Mel Hutchins Pistons 1955
8%
2 Robert Reid Rockets 1981
8%
1 Connie Simmons Knicks 1951
5%
1 Harry Gallatin Knicks 1952
5%
1 Phil Chenier Bullets 1975
5%
1 Jim McMillian Lakers 1973
3%
3 Larry Foust Pistons, Lakers 1959
3%
1 Marvin Webster SuperSonics 1978
3%
1 Scott Wedman Celtics 1985
3%
1 Doug Collins 76ers 1977
0%
1 Mike Dunleavy Rockets 1981
0%
1 Paul Seymour Nationals 1954
0%
1 Wally Osterkorn Nationals 1954
0%
No matching quizzes found
Score Distribution
Percent of People with Each Score
Percentile by Number Answered
Your Score History
You have not taken this quiz since the last reset